00692nam a2200241 a 4500001001300000003000900013005001700022008004100039020002300080082001300103100002600116245002800142260003600170300000900206500003500215505001800250650001000268700002600278902000800304942000700312952011400319999001700433nice12345678IN_TiNIC20260116014800.0091012s2003 dela grp 000 0 eng  a8179920720 c25000a297bVAN aVan, De Weyer, Robert a366 Readings from Islam aDelhi bJaico Pub. House c2003 a374p aincludes index and biblioraphy2 aBiblio, Index aIslam1 aVan, De Weyer, Robert bSRS cBK 001040708StackRoom-aHMIbHMId2009-10-19g250.00l0o297 VANp022901r2009-10-19v250.00w2009-10-12yBK c16936d16936